000 01054cad a22001935a 4500
001 L152094
008 110201s2011 xxk f 000 0 eng d
035 _a(Sirsi) u152094
041 0 _aeng
110 2 _aPriceWaterhouseCoopers
_93793
245 0 0 _aPwC insolvency statistics show UK corporate insolvencies rapidly declined in 2010 but public sector cuts could still cast a shadow over 2011
_h[electronic resource]
260 _a[S.l.]
_bPwC
_c2011
520 _aThe latest PwC analysis into corporate insolvency numbers in the UK demonstrates that the level of insolvencies significantly declined during 2010; the construction sector was one of the worst affected.
590 _aKA NTK
651 4 _aUnited Kingdom
_y
690 _aMANAGEMENT-CORPORATE RECOVERY
856 4 0 _uhttps://www.ukmediacentre.pwc.com/News-Releases/PwC-insolvency-statistics-show-UK-corporate-insolvencies-rapidly-declined-in-2010-but-public-sector-cuts-could-still-cast-a-shadow-over-2011-fce.aspx
_zView this item free of charge at www.ukmediacentre.pwc.com
942 _n0
999 _c111850
_d111850